| 000 | 01254nam a2200337 a 4500 | ||
|---|---|---|---|
| 001 | 000108646 | ||
| 003 | CHAP | ||
| 005 | 20220329144019.0 | ||
| 008 | 140228s2012 mx | |sm |||||||spa|d | ||
| 010 | _a105108 | ||
| 011 | _a106080 | ||
| 040 | _cCHAP | ||
| 090 | _aTesis | ||
| 100 | 1 |
_aVidal Bonifacio, María Obdulia _9125680 |
|
| 245 | 1 | 0 |
_aProductos y usos de la palma (Brahea dulcis [H.B.K.] Mart) en Santa Inés Ahuatempan, Puebla, como alternativa de desarrollo rural regional _h[En línea] _cpor María Obdulia Vidal Bonifacio. |
| 260 |
_aChapingo, Méx. : _bEl autor, _c2012. |
||
| 500 | _aPara ver el contenido del material haga clic en la liga | ||
| 502 | _aTesis (Ing. Agr. Esp. en Fitotecnia) -- UACH. Departamento de Fitotecnia | ||
| 590 |
_aBATCH-UPD _b05 _c20140324 _lUCH01 _h1536 |
||
| 590 |
_aBATCH-UPD _b05 _c20141002 _lUCH01 _h0857 |
||
| 590 |
_aE792CSJ _b05 _c20140228 _lUCH01 _h1350 |
||
| 590 |
_aE792CSJ _b05 _c20140228 _lUCH01 _h1350 |
||
| 650 | 1 | 4 |
_aArtes y oficios _zPuebla. _97760 |
| 650 | 1 | 4 |
_aBrahea dulcis. _914988 |
| 650 | 1 | 4 |
_aDesarrollo rural _zPuebla. _932075 |
| 650 | 1 | 4 |
_aPalma. _984937 |
| 856 |
_aFinding aid _uhttp://10.13.5.2/tesis/sist108646.pdf _zTeclea aquí |
||
| 901 | _aBK | ||
| 942 | _cTESIS | ||
| 942 | _n0 | ||
| 999 |
_c105108 _d105108 |
||